000 00958nam a2200277Ia 4500
003 OSt
005 20220923211354.0
006 a|||||r|||| 00| 0
007 ta
008 220922b |||||||| |||| 00| 0 hin d
020 _a9788187482925 (hbk)
_c130
024 _a353,014
037 _bGV723, 11/03/2020, Vani Prakashan
_cTextual
040 _aARTS
_cARTS
_bhin
041 _2hin
_ahin
082 _aO152,1N46x, P9
100 _aराठी, गिरधर, ले.
245 0 _aअंत के संशय
246 _aAanta ke sanshaya
260 _aबीकानेर
_b वाग्देवी प्रकाशन
_c2009
300 _a112पृ.
_ccm.
650 _a हिन्दी साहित्य
_9156264
650 _aहिन्दी कविता
942 _hO152,1N46x, P9
_cTEXL
_2CC
999 _c298881
_d298881